Vplyv klimatických zmien na permafrost

Dôsledky, ktoré zmeny v kompozícii permafrostu prinášajú. Tými najzávažnejšími sú únik oxidu uhličitého a metánu do atmosféry, ohrozenie stability budov, infraštruktúry a potrubí, ktoré sú na permafroste postavené, vysúšanie oblastí alebo naopak ich zaplavovanie a erózia pôdy.

Salvato in:
Dettagli Bibliografici
Autore principale: Harakaľová, Dorota, 1989-
Natura: Capitolo di libro
Lingua:slovacco
Soggetti:
Tags: Aggiungi Tag
Nessun Tag, puoi essere il primo ad aggiungerne!!

MARC

LEADER 00000nla a2200000 4500
001 0241216
005 20240502073926.9
041 0 |a slo 
044 |a SK 
245 1 0 |a Vplyv klimatických zmien na permafrost  |c Dorota Harakaľová 
520 |a Dôsledky, ktoré zmeny v kompozícii permafrostu prinášajú. Tými najzávažnejšími sú únik oxidu uhličitého a metánu do atmosféry, ohrozenie stability budov, infraštruktúry a potrubí, ktoré sú na permafroste postavené, vysúšanie oblastí alebo naopak ich zaplavovanie a erózia pôdy. 
610 2 0 |a prostredie životné 
610 2 0 |a podmienky prírodné 
610 2 0 |a zmeny klimatické 
610 2 0 |a ochrana vody 
610 2 0 |a ochrana ovzdušia 
610 2 0 |a voda 
610 2 0 |a ochrana pôdy 
610 2 0 |a ochrana prírody 
610 2 0 |a sucho 
610 2 0 |a efekt skleníkový 
610 2 0 |a povodne 
610 2 0 |a podnebie 
100 1 |a Harakaľová, Dorota, 1989-